[Event "Catalunya-chT Relegation"]
[Site "Barcelona"]
[Date "2022.03.26"]
[Round "1.10"]
[White "Garcia Busquets, Jordi"]
[Black "Garcia Acosta, Roger"]
[Result "1-0"]
[WhiteElo "1996"]
[BlackElo "2085"]
[PlyCount "45"]
[EventDate "2022.03.26"]
[EventType "team-tourn"]
[EventRounds "2"]
[EventCountry "ESP"]
[SourceTitle "CBM 208 Extra"]
[Source "ChessBase"]
[SourceDate "2022.07.31"]
[SourceVersion "1"]
[SourceVersionDate "2022.07.31"]
[SourceQuality "1"]
[WhiteTeam "Gerunda"]
[BlackTeam "Cerdanyola Valles"]
[WhiteTeamCountry "ESP"]
[BlackTeamCountry "ESP"]

1. e4 e5 2. Nf3 Nc6 3. Bc4 Bc5 4. b4 Bxb4 5. c3 Ba5 6. d4 exd4 7. 0-0 Nge7 8. cxd4 Bb6 9. Ng5 d5 10. exd5 Na5 11. d6 Nxc4 12. Qa4+ c6 13. Qxc4 Nd5 14. Re1+ Kf8 15. Re7 Qxd6 16. Rxf7+ Ke8 17. Ba3 Qg6 18. Qe2+ Be6 19. Rxb7 Nf4 20. Re7+ Kd8 21. Nxe6+ Qxe6 22. Rxe6 Nxe2+ 23. Rxe2 1-0

[Event "Catalunya-chT Gp2"]
[Site "Barcelona"]
[Date "2022.03.05"]
[Round "7.8"]
[White "Garcia Acosta, Roger"]
[Black "Aranda Flores, Jordi"]
[Result "1/2-1/2"]
[WhiteElo "2085"]
[BlackElo "2132"]
[PlyCount "82"]
[EventDate "2022.01.22"]
[EventType "team-tourn"]
[EventRounds "9"]
[EventCountry "ESP"]
[SourceTitle "CBM 208 Extra"]
[Source "ChessBase"]
[SourceDate "2022.07.31"]
[SourceVersion "1"]
[SourceVersionDate "2022.07.31"]
[SourceQuality "1"]
[WhiteTeam "Cerdanyola Valles"]
[BlackTeam "Tres Peons"]
[WhiteTeamCountry "ESP"]
[BlackTeamCountry "ESP"]

1. e4 c6 2. d4 d5 3. Nc3 dxe4 4. Nxe4 Bf5 5. Ng3 Bg6 6. Nf3 Nd7 7. h4 h6 8. h5 Bh7 9. Bd3 Bxd3 10. Qxd3 Ngf6 11. Bd2 e6 12. 0-0-0 Be7 13. Ne4 Nxe4 14. Qxe4 Nf6 15. Qf4 Qd5 16. Kb1 Bd6 17. Qh4 0-0-0 18. Bf4 Bxf4 19. Qxf4 Qe4 20. Rh4 Qd5 21. Ne5 Rhf8 22. f3 Qa5 23. Rhh1 Nd5 24. Qe4 Qc7 25. Rhe1 Nf6 26. Qh4 Rd6 27. g4 Rfd8 28. c3 Nd5 29. Nd3 Re8 30. f4 Rdd8 31. g5 Ne7 32. Qg4 Nf5 33. Re2 b6 34. Rde1 c5 35. Ne5 Kb8 36. dxc5 bxc5 37. Qf3 Rd5 38. g6 f6 39. Nc4 Qc6 40. Qg2 Red8 41. Qg1 Qb5 1/2-1/2

[Event "Catalunya-chT Gp2"]
[Site "Barcelona"]
[Date "2022.01.29"]
[Round "2.8"]
[White "Garcia Acosta, Roger"]
[Black "Salinas Tomas, Daniel"]
[Result "1/2-1/2"]
[WhiteElo "2085"]
[BlackElo "2198"]
[PlyCount "74"]
[EventDate "2022.01.22"]
[EventType "team-tourn"]
[EventRounds "9"]
[EventCountry "ESP"]
[SourceTitle "CBM 206 Extra"]
[Source "ChessBase"]
[SourceDate "2022.03.31"]
[SourceVersion "1"]
[SourceVersionDate "2022.03.31"]
[SourceQuality "1"]
[WhiteTeam "Cerdanyola Valles"]
[BlackTeam "Colon Sabadell"]
[WhiteTeamCountry "ESP"]
[BlackTeamCountry "ESP"]

1. e4 c5 2. Nf3 e6 3. d4 cxd4 4. Nxd4 Nf6 5. Nc3 Nc6 6. a3 d5 7. exd5 exd5 8. Bb5 Bd7 9. 0-0 Be7 10. Re1 0-0 11. h3 a6 12. Be2 Re8 13. Bf3 Bf8 14. Rxe8 Qxe8 15. Be3 Rd8 16. Nb3 Ne5 17. Bb6 Rc8 18. Bxd5 Nxd5 19. Nxd5 Qe6 20. Ba5 Nc4 21. Bc3 Bc6 22. Nf4 Qe4 23. Qd4 Qxc2 24. Qxc4 b5 25. Nd4 Qe4 26. Qd3 Qxf4 27. Nxc6 Rxc6 28. Qd8 Qc7 29. Rd1 Rxc3 30. bxc3 Qxc3 31. Qd3 Qc5 32. Ra1 g6 33. a4 Bd6 34. axb5 axb5 35. Rd1 Bf8 36. Qd5 Qb6 37. Qd8 Qc5 1/2-1/2

[Event "Catalunya-chT Gp2"]
[Site "Barcelona"]
[Date "2022.01.22"]
[Round "1.8"]
[White "Lasanta Rica, Cesar"]
[Black "Garcia Acosta, Roger"]
[Result "1-0"]
[WhiteElo "2139"]
[BlackElo "2085"]
[PlyCount "73"]
[EventDate "2022.01.22"]
[EventType "team-tourn"]
[EventRounds "9"]
[EventCountry "ESP"]
[SourceTitle "CBM 206 Extra"]
[Source "ChessBase"]
[SourceDate "2022.03.31"]
[SourceVersion "1"]
[SourceVersionDate "2022.03.31"]
[SourceQuality "1"]
[WhiteTeam "Colon Ateneu"]
[BlackTeam "Cerdanyola Valles"]
[WhiteTeamCountry "ESP"]
[BlackTeamCountry "ESP"]

1. d4 d5 2. Nf3 e6 3. g3 Be7 4. Bg2 Nf6 5. 0-0 0-0 6. c4 c6 7. Qc2 Nbd7 8. Nbd2 Qb6 9. e4 dxe4 10. Nxe4 Rd8 11. c5 Qa6 12. b4 Nxe4 13. Qxe4 Qc4 14. Bd2 Nf6 15. Qb1 Nd7 16. Rc1 Qe2 17. Rc3 Nf6 18. Re3 Qc4 19. Ne5 Qa6 20. a4 Rxd4 21. Bc3 Bxc5 22. bxc5 Rxa4 23. Bf1 Rxa1 24. Bxa1 b5 25. Qb2 Qb7 26. Bg2 Bd7 27. Ng4 Ne8 28. Rd3 f6 29. Qd2 Rd8 30. Ne3 b4 31. Nc4 Kf8 32. Na5 Qa6 33. Rxd7 Rxd7 34. Qxd7 Qxa5 35. Bd4 b3 36. Bxc6 Nc7 37. Qd8+ 1-0

[Event "Catalunya-chT Gp1"]
[Site "Barcelona"]
[Date "2020.02.29"]
[Round "7.9"]
[White "Dickl, Errol"]
[Black "Garcia Acosta, Roger"]
[Result "1/2-1/2"]
[WhiteElo "2159"]
[BlackElo "2063"]
[PlyCount "107"]
[EventDate "2020.01.18"]
[EventType "team-tourn"]
[EventRounds "7"]
[EventCountry "ESP"]
[SourceTitle "CBM 195 Extra"]
[Source "ChessBase"]
[SourceDate "2020.05.31"]
[SourceVersion "1"]
[SourceVersionDate "2020.05.31"]
[SourceQuality "1"]
[WhiteTeam "Tres Peons"]
[BlackTeam "Cerdanyola Valles"]
[WhiteTeamCountry "ESP"]
[BlackTeamCountry "ESP"]

1. e4 e5 2. Bc4 Nc6 3. Nc3 Nf6 4. d3 Bc5 5. h3 d6 6. Nge2 a6 7. a3 Be6 8. Bxe6 fxe6 9. Ng3 0-0 10. 0-0 Qe8 11. Nce2 Qg6 12. c3 d5 13. d4 Bb6 14. exd5 Nxd5 15. Kh2 Rad8 16. Be3 h5 17. Qb1 Qxb1 18. Raxb1 h4 19. Ne4 Nf4 20. Bxf4 exf4 21. Ng5 Rde8 22. f3 e5 23. d5 Ne7 24. c4 Nf5 25. Rfc1 Rf6 26. Nc3 Rg6 27. Nce4 Be3 28. Rd1 Nd4 29. b4 Rd8 30. a4 b5 31. cxb5 axb5 32. a5 Rxd5 33. Nc3 Rdd6 34. Nge4 Rc6 35. Rb2 Rc4 36. Nd5 Kf8 37. Nxe3 fxe3 38. Nc5 Rc2 39. Rxc2 Nxc2 40. a6 Rxa6 41. Nxa6 e2 42. Rc1 e1Q 43. Rxe1 Nxe1 44. Nxc7 Nc2 45. Nxb5 Nxb4 46. Nd6 g6 47. Nc4 Nd3 48. g3 hxg3+ 49. Kxg3 Ke7 50. h4 Kf6 51. Nd6 Ke6 52. Ne4 Kf5 53. Ng5 Nf4 54. Kf2 1/2-1/2

[Event "Catalunya-chT Gp1"]
[Site "Barcelona"]
[Date "2020.01.25"]
[Round "2.9"]
[White "Lever, Erwan"]
[Black "Garcia Acosta, Roger"]
[Result "0-1"]
[WhiteElo "2189"]
[BlackElo "2063"]
[PlyCount "70"]
[EventDate "2020.01.18"]
[EventType "team-tourn"]
[EventRounds "7"]
[EventCountry "ESP"]
[SourceTitle "CBM 194 Extra"]
[Source "ChessBase"]
[SourceDate "2020.03.31"]
[SourceVersion "1"]
[SourceVersionDate "2020.03.31"]
[SourceQuality "1"]
[WhiteTeam "Mollet"]
[BlackTeam "Cerdanyola Valles"]
[WhiteTeamCountry "ESP"]
[BlackTeamCountry "ESP"]

1. d4 d5 2. c4 e6 3. Nf3 Nf6 4. g3 Be7 5. Bg2 0-0 6. 0-0 Nbd7 7. Qc2 c6 8. Rd1 a5 9. b3 b5 10. Ne5 Qb6 11. c5 Qa6 12. Nd3 b4 13. a3 bxa3 14. Rxa3 Qb7 15. Nc3 e5 16. Nxe5 Nxe5 17. dxe5 Nd7 18. Nxd5 Bxc5 19. Ra4 cxd5 20. Bxd5 Qc7 21. Rc4 Ba6 22. Bxa8 Bxc4 23. Qxc4 Rxa8 24. Be3 Re8 25. Rd5 Rc8 26. Qg4 Bxe3 27. Rxd7 Qc1+ 28. Kg2 Qc6+ 29. Kg1 Bc5 30. Rd1 h6 31. h4 Re8 32. Ra1 Rxe5 33. Qf4 Rxe2 34. Rxa5 Re1+ 35. Kh2 Rh1# 0-1

[Event "Catalunya-chT Gp2"]
[Site "Barcelona"]
[Date "2018.02.24"]
[Round "6.10"]
[White "Luque Martin, Jonathan"]
[Black "Garcia Acosta, Roger"]
[Result "0-1"]
[WhiteElo "1976"]
[BlackElo "2090"]
[PlyCount "144"]
[EventDate "2018.01.20"]
[EventType "team-tourn"]
[EventRounds "7"]
[EventCountry "ESP"]
[SourceTitle "EXT 2019"]
[Source "ChessBase"]
[SourceDate "2018.10.10"]
[SourceVersion "1"]
[SourceVersionDate "2018.10.10"]
[SourceQuality "1"]
[WhiteTeam "Mollet"]
[BlackTeam "Cerdanyola Valles"]
[WhiteTeamCountry "ESP"]
[BlackTeamCountry "ESP"]

1. e4 e5 2. Nf3 Nc6 3. Bc4 Bc5 4. c3 Nf6 5. d3 a6 6. Bb3 0-0 7. Nbd2 Ba7 8. h3 h6 9. Nf1 d5 10. Qe2 Be6 11. Ng3 Na5 12. Bc2 dxe4 13. Nxe4 Bd5 14. b3 Nc6 15. 0-0 Re8 16. Be3 Qe7 17. Nfd2 Nd7 18. Ng3 Nd4 19. Bxd4 exd4 20. Qxe7 Rxe7 21. c4 Bc6 22. Rfe1 Rae8 23. Rxe7 Rxe7 24. b4 g6 25. a4 Nf8 26. Bd1 Re1+ 27. Kh2 Bxa4 28. Rxa4 Rxd1 29. Ngf1 Bb8 30. b5 c6+ 31. g3 axb5 32. cxb5 cxb5 33. Rb4 Bd6 34. Rxb5 Ne6 35. Rxb7 Nc5 36. Rb6 Be5 37. Rb5 Nxd3 38. Kg2 Bg7 39. Rb8+ Kh7 40. Rb7 f5 41. Nf3 g5 42. Rd7 Nc5 43. Rd5 g4 44. hxg4 fxg4 45. Ng5+ hxg5 46. Rxc5 Kg6 47. Nh2 Kh5 48. Rc7 Bf6 49. Rd7 d3 50. Nf1 Bc3 51. Ne3 Rd2 52. Rd6 Be5 53. Rd5 Bc7 54. Rc5 Bb6 55. Re5 Re2 56. Kf1 Bd4 57. Re4 Bc3 58. Rc4 Re1+ 59. Kg2 Rxe3 60. Rxc3 d2 61. Rxe3 d1Q 62. Re5 Qf3+ 63. Kg1 Kg6 64. Re3 Qd1+ 65. Kg2 Kf5 66. Re7 Kf6 67. Re3 Qc1 68. Re2 Qb1 69. Re3 Qd1 70. Kh2 Qf1 71. Re8 Qxf2+ 72. Kh1 Qxg3 0-1

[Event "Catalunya-chT Gp2"]
[Site "Barcelona"]
[Date "2018.02.10"]
[Round "4.10"]
[White "Garcia Acosta, Roger"]
[Black "Barcelo Tizon, Cristian"]
[Result "1-0"]
[WhiteElo "2090"]
[BlackElo "2066"]
[PlyCount "53"]
[EventDate "2018.01.20"]
[EventType "team-tourn"]
[EventRounds "7"]
[EventCountry "ESP"]
[SourceTitle "CBM 182 Extra"]
[Source "ChessBase"]
[SourceDate "2018.02.23"]
[SourceVersion "1"]
[SourceVersionDate "2018.02.23"]
[SourceQuality "1"]
[WhiteTeam "Cerdanyola Valles"]
[BlackTeam "St Cugat"]
[WhiteTeamCountry "ESP"]
[BlackTeamCountry "ESP"]

1. e4 c5 2. Nf3 d6 3. d4 cxd4 4. Nxd4 Nf6 5. f3 g6 6. c4 Bg7 7. Be3 Nc6 8. Nc3 0-0 9. Qd2 Bd7 10. Be2 Rc8 11. 0-0 Ne5 12. b3 a6 13. Rfe1 Ne8 14. Red1 Nc7 15. Nd5 Ne6 16. Rac1 f5 17. Nb6 Nxd4 18. Bxd4 Rc6 19. c5 Be6 20. f4 dxc5 21. Bxc5 Qxd2 22. Rxd2 Rfc8 23. Nxc8 Rxc8 24. fxe5 Bh6 25. Rdc2 Kf7 26. Kf2 Bxc1 27. Rxc1 1-0

[Event "Catalunya-chT Gp2"]
[Site "Barcelona"]
[Date "2017.01.21"]
[Round "1.8"]
[White "Gutierrez Clares, Joaquim"]
[Black "Garcia Acosta, Roger"]
[Result "1/2-1/2"]
[WhiteElo "2237"]
[BlackElo "2116"]
[PlyCount "64"]
[EventDate "2017.01.21"]
[EventType "team-tourn"]
[EventRounds "7"]
[EventCountry "ESP"]
[SourceTitle "CBM 176 Extra"]
[Source "ChessBase"]
[SourceDate "2017.03.02"]
[SourceVersion "1"]
[SourceVersionDate "2017.03.02"]
[SourceQuality "1"]
[WhiteTeam "Sant Josep de Badalona"]
[BlackTeam "Cerdanyola Valles"]
[WhiteTeamCountry "ESP"]
[BlackTeamCountry "ESP"]

1. d4 d5 2. c4 e6 3. Nf3 Nf6 4. g3 Bb4+ 5. Nbd2 dxc4 6. Bg2 0-0 7. Qc2 Nc6 8. Qxc4 Ne4 9. e3 e5 10. d5 Nd6 11. Qb3 e4 12. dxc6 exf3 13. Bxf3 Ba5 14. cxb7 Nxb7 15. Qd5 Qe7 16. 0-0 Rb8 17. Nc4 Be6 18. Qc6 Rfd8 19. e4 Nc5 20. Nxa5 Rb6 21. Bf4 Rc8 22. Rac1 Rxc6 23. Nxc6 Qf8 24. Rfd1 Bxa2 25. Bxc7 Rxc7 26. Rd8 Rxc6 27. Rxf8+ Kxf8 28. b4 Rf6 29. bxc5 Rxf3 30. c6 Be6 31. c7 Bc8 32. Rd1 Ke7 1/2-1/2

[Event "Barcelona Sants op-A18th"]
[Site "Barcelona"]
[Date "2016.08.27"]
[Round "9"]
[White "Garcia Acosta, Roger"]
[Black "Gual Pascual, Antonio"]
[Result "0-1"]
[WhiteElo "2104"]
[BlackElo "2397"]
[PlyCount "68"]
[EventDate "2016.08.19"]
[EventType "swiss"]
[EventRounds "10"]
[EventCountry "ESP"]
[SourceTitle "EXT 2017"]
[Source "ChessBase"]
[SourceDate "2016.10.25"]
[SourceVersion "1"]
[SourceVersionDate "2016.10.25"]
[SourceQuality "1"]

1. e4 g6 2. d4 Bg7 3. Nf3 d6 4. Bc4 Nf6 5. Qe2 0-0 6. e5 dxe5 7. dxe5 Nd5 8. 0-0 Bg4 9. Rd1 c6 10. Bxd5 cxd5 11. h3 Bxf3 12. Qxf3 e6 13. c4 Nc6 14. cxd5 Nxe5 15. Qb3 exd5 16. Rxd5 Qh4 17. Be3 Nc4 18. Nd2 Nxe3 19. Qxe3 Qb4 20. Rb1 Qa4 21. a3 Rad8 22. Rxd8 Rxd8 23. Nf3 Qc2 24. Re1 Qxb2 25. Qxa7 Bc3 26. Re3 Bg7 27. Re1 Bf8 28. a4 Qb4 29. Rc1 h5 30. a5 Bc5 31. Qxc5 Rd1+ 32. Kh2 Qf4+ 33. g3 Qxc1 34. Qb5 Qc6 0-1

[Event "Barcelona Sants op-A18th"]
[Site "Barcelona"]
[Date "2016.08.24"]
[Round "6"]
[White "Webersberger, Johann"]
[Black "Garcia Acosta, Roger"]
[Result "1-0"]
[WhiteElo "2356"]
[BlackElo "2104"]
[PlyCount "105"]
[EventDate "2016.08.19"]
[EventType "swiss"]
[EventRounds "10"]
[EventCountry "ESP"]
[SourceTitle "CBM 174 Extra"]
[Source "ChessBase"]
[SourceDate "2016.10.10"]
[SourceVersion "1"]
[SourceVersionDate "2016.10.10"]
[SourceQuality "1"]

1. d4 d5 2. c4 e6 3. Nc3 Be7 4. cxd5 exd5 5. Bf4 c6 6. e3 Bf5 7. Bd3 Bxd3 8. Qxd3 Nf6 9. Nf3 Nbd7 10. 0-0 0-0 11. Rfc1 Re8 12. h3 Bf8 13. Nd2 Nb6 14. Rc2 Qe7 15. Bh2 Qe6 16. Rac1 Ne4 17. Ncxe4 dxe4 18. Qb3 Qxb3 19. Nxb3 Nd5 20. a3 a5 21. Kf1 f6 22. Ke2 Kf7 23. Nd2 Re6 24. Nb1 a4 25. Nc3 Nb6 26. Bc7 Nc4 27. Nb1 b5 28. Nd2 Nxb2 29. Rxb2 Bxa3 30. Rcb1 Bxb2 31. Rxb2 Ke7 32. Bb6 Kd7 33. Bc5 f5 34. Nb1 Ree8 35. Nc3 Reb8 36. Na2 Rb7 37. Nb4 Rc8 38. Kd1 g6 39. Kc1 Ke6 40. Rc2 h6 41. Kb2 g5 42. Na6 Ra8 43. Nb4 Rc8 44. Na6 Rf7 45. Ba3 Kd7 46. Nb4 f4 47. Na6 Re8 48. Nc5+ Kc7 49. d5 fxe3 50. fxe3 Kb6 51. d6 Rd8 52. Nxe4 Re8 53. d7 1-0

[Event "Catalunya-chT Gp1 final"]
[Site "Barcelona"]
[Date "2016.03.12"]
[Round "1.1"]
[White "Garcia Acosta, Roger"]
[Black "Martinez Lopez, Ivan"]
[Result "0-1"]
[WhiteElo "2025"]
[BlackElo "2222"]
[PlyCount "108"]
[EventDate "2016.03.12"]
[EventType "team-tourn"]
[EventRounds "4"]
[EventCountry "ESP"]
[SourceTitle "CBM 171 Extra"]
[Source "ChessBase"]
[SourceDate "2016.04.26"]
[SourceVersion "1"]
[SourceVersionDate "2016.04.26"]
[SourceQuality "1"]
[WhiteTeam "Cerdanyola Valles"]
[BlackTeam "Lleida"]
[WhiteTeamCountry "ESP"]
[BlackTeamCountry "ESP"]

1. e4 d5 2. exd5 Qxd5 3. Nc3 Qd6 4. d4 Nf6 5. Nf3 c6 6. Ne5 Nbd7 7. Bf4 Nb6 8. Qd2 Qd8 9. Be2 Nbd5 10. Nxd5 Nxd5 11. Bg3 Nf6 12. Bf3 Bf5 13. 0-0 Be4 14. Qe3 Bxf3 15. Qxf3 Qd5 16. Qd3 Rd8 17. Rfd1 e6 18. c4 Qa5 19. a3 Be7 20. b4 Qa4 21. Qf3 0-0 22. Rab1 Nd7 23. h3 Nxe5 24. Bxe5 Rd7 25. Qg3 g6 26. Re1 Rfd8 27. Bc7 Bd6 28. Bxd6 Rxd6 29. Rbd1 a5 30. Qc3 b6 31. Rd2 axb4 32. axb4 c5 33. bxc5 bxc5 34. d5 exd5 35. cxd5 Rxd5 36. Rde2 Qd4 37. Qa3 Kg7 38. Re4 Qf6 39. R4e3 Rd2 40. Rf3 Qd4 41. Qa7 Rd7 42. Qa8 Rd1 43. Rxd1 Qxd1+ 44. Kh2 Qd6+ 45. g3 h5 46. Rf4 Qe5 47. h4 Rd6 48. Qb8 Re6 49. Qb7 Rf6 50. Rxf6 Qxf6 51. f4 c4 52. Qc7 Qd4 53. Kg2 c3 54. Kf3 Qd3+ 0-1

[Event "Catalunya-chT Gp1"]
[Site "Barcelona"]
[Date "2016.02.13"]
[Round "4.4"]
[White "Garcia Acosta, Roger"]
[Black "Sanchez Lopez, Juan Manuel"]
[Result "1-0"]
[WhiteElo "2025"]
[BlackElo "2222"]
[PlyCount "99"]
[EventDate "2016.01.23"]
[EventType "team-tourn"]
[EventRounds "7"]
[EventCountry "ESP"]
[SourceTitle "EXT 2017"]
[Source "ChessBase"]
[SourceDate "2016.10.25"]
[SourceVersion "1"]
[SourceVersionDate "2016.10.25"]
[SourceQuality "1"]
[WhiteTeam "Cerdanyola Valles"]
[BlackTeam "Barcelona Unio Graciencia"]
[WhiteTeamCountry "ESP"]
[BlackTeamCountry "ESP"]

1. e4 c5 2. Nf3 d6 3. d4 cxd4 4. Nxd4 Nf6 5. f3 a6 6. c4 e6 7. Nc3 Qc7 8. Be3 b6 9. Be2 Be7 10. 0-0 0-0 11. Qd2 Nbd7 12. Rfd1 Bb7 13. Rac1 Rac8 14. Bf1 Rfd8 15. Qf2 Ba8 16. b4 Qb7 17. a3 Bf8 18. Nb3 Rb8 19. Na4 d5 20. exd5 exd5 21. c5 bxc5 22. Naxc5 Nxc5 23. Bxc5 Bd6 24. Bd4 Ne8 25. Na5 Qd7 26. Bxa6 Nc7 27. Bd3 Ne6 28. Bf5 Rbc8 29. Qh4 h6 30. Qg4 Bf8 31. Nb3 Rxc1 32. Rxc1 Rc8 33. Rxc8 Qxc8 34. Bxe6 Qc2 35. Qf5 Qd1+ 36. Kf2 fxe6 37. Qxe6+ Kh7 38. Qe3 Qc2+ 39. Nd2 Bc6 40. Qc3 Qd1 41. Qd3+ Kg8 42. Bc3 Qc1 43. a4 Be7 44. b5 Be8 45. Nb3 Qh1 46. Qxd5+ Bf7 47. Qa8+ Bf8 48. Bb4 Bxb3 49. Qxf8+ Kh7 50. Bc3 1-0

[Event "Catalunya-chT GpB final"]
[Site "Barcelona"]
[Date "2015.04.18"]
[Round "11.2"]
[White "Garcia Acosta, Roger"]
[Black "Asensio Linan, Teodoro"]
[Result "0-1"]
[WhiteElo "2085"]
[BlackElo "2145"]
[PlyCount "64"]
[EventDate "2015.03.14"]
[EventType "team-tourn"]
[EventRounds "11"]
[EventCountry "ESP"]
[SourceTitle "EXT 2016"]
[Source "ChessBase"]
[SourceDate "2015.10.08"]
[SourceVersion "1"]
[SourceVersionDate "2015.10.08"]
[SourceQuality "1"]
[WhiteTeam "Cerdanyola Valles"]
[BlackTeam "Montcada"]
[WhiteTeamCountry "ESP"]
[BlackTeamCountry "ESP"]

1. e4 g6 2. d4 Bg7 3. Nf3 c5 4. c4 cxd4 5. Nxd4 Qb6 6. Nb3 Nc6 7. Nc3 Bxc3+ 8. bxc3 Nf6 9. Be3 Qc7 10. f3 d6 11. Be2 Ne5 12. c5 dxc5 13. Bxc5 Be6 14. Bd4 0-0 15. 0-0 Ned7 16. c4 a5 17. a4 Rfd8 18. Qc2 Ne5 19. Rfc1 Rxd4 20. Nxd4 Qc5 21. Rd1 Rd8 22. Qb2 Nc6 23. Qb5 Qa7 24. Kh1 Rxd4 25. Rxd4 Nxd4 26. Qb2 Qc5 27. Bf1 Bc8 28. e5 Nd7 29. Rd1 Ne6 30. Rd5 Qe3 31. Qa1 b6 32. Rd1 Qxe5 0-1

[Event "Catalunya-chT GpB final"]
[Site "Barcelona"]
[Date "2015.03.21"]
[Round "9.2"]
[White "Garcia Acosta, Roger"]
[Black "Llaneza Vega, Patricia"]
[Result "0-1"]
[WhiteElo "2085"]
[BlackElo "2206"]
[PlyCount "90"]
[EventDate "2015.03.14"]
[EventType "team-tourn"]
[EventRounds "11"]
[EventCountry "ESP"]
[SourceTitle "EXT 2016"]
[Source "ChessBase"]
[SourceDate "2015.10.08"]
[SourceVersion "1"]
[SourceVersionDate "2015.10.08"]
[SourceQuality "1"]
[WhiteTeam "Cerdanyola Valles"]
[BlackTeam "Foment Martinenc"]
[WhiteTeamCountry "ESP"]
[BlackTeamCountry "ESP"]

1. e4 c5 2. Nf3 Nc6 3. d4 cxd4 4. Nxd4 Nf6 5. Nc3 d6 6. Be2 e5 7. Nf3 h6 8. 0-0 Be7 9. b3 0-0 10. Bb2 Be6 11. Qd2 Qa5 12. Rfd1 Rfc8 13. h3 Rab8 14. a3 a6 15. Qe3 b5 16. Qd3 Qd8 17. Qe3 Qc7 18. Rd2 Qb7 19. a4 b4 20. Nd5 Bxd5 21. exd5 Na5 22. Rad1 Rc5 23. Nxe5 Nxd5 24. Qf3 dxe5 25. Rxd5 Rbc8 26. Bxe5 Rxd5 27. Rxd5 Nc6 28. Bb2 Bf8 29. Rf5 Rc7 30. Bc4 Nd8 31. Bd5 Qa7 32. Bc4 Qb6 33. Rd5 Ne6 34. Re5 Ng5 35. Qe2 Rc5 36. Re8 Qc6 37. Bd4 Nxh3+ 38. Kf1 Nf4 39. Qe4 Rxc4 40. bxc4 Qxc4+ 41. Kg1 Ne6 42. Rxf8+ Nxf8 43. Qd3 Qxd3 44. cxd3 Ne6 45. Bb2 Nc5 0-1

[Event "Catalunya-chT GpB final"]
[Site "Barcelona"]
[Date "2015.03.14"]
[Round "8.3"]
[White "Martin Grillo, Ruben"]
[Black "Garcia Acosta, Roger"]
[Result "1/2-1/2"]
[WhiteElo "2229"]
[BlackElo "2085"]
[PlyCount "66"]
[EventDate "2015.03.14"]
[EventType "team-tourn"]
[EventRounds "11"]
[EventCountry "ESP"]
[SourceTitle "EXT 2016"]
[Source "ChessBase"]
[SourceDate "2015.10.08"]
[SourceVersion "1"]
[SourceVersionDate "2015.10.08"]
[SourceQuality "1"]
[WhiteTeam "Catalunya"]
[BlackTeam "Cerdanyola Valles"]
[WhiteTeamCountry "ESP"]
[BlackTeamCountry "ESP"]

1. Nf3 d5 2. g3 Nf6 3. Bg2 Bf5 4. 0-0 e6 5. d3 Be7 6. Nbd2 0-0 7. Qe1 c5 8. e4 Bg6 9. h3 Nc6 10. Nh4 Rc8 11. Nxg6 hxg6 12. exd5 Nxd5 13. Nc4 Nd4 14. Qd1 Bf6 15. Ne3 Nxe3 16. Bxe3 Nf5 17. Bf4 g5 18. Bd2 Qc7 19. Qg4 b6 20. Rab1 Qe7 21. Rfe1 Rfd8 22. Bc3 Bxc3 23. bxc3 Qf6 24. c4 Nd4 25. Rbc1 Nf5 26. Be4 Nd6 27. Bg2 Nf5 28. a4 Rd4 29. Re4 Rcd8 30. Rce1 Rxe4 31. Rxe4 Nd6 32. Re2 Nf5 33. Re4 Nd6 1/2-1/2

[Event "Catalunya-chT Gp2"]
[Site "Barcelona"]
[Date "2015.01.24"]
[Round "1.3"]
[White "Subirats Ruiz, Sergi"]
[Black "Garcia Acosta, Roger"]
[Result "1-0"]
[WhiteElo "2187"]
[BlackElo "2085"]
[PlyCount "51"]
[EventDate "2015.01.24"]
[EventType "team-tourn"]
[EventRounds "7"]
[EventCountry "ESP"]
[SourceTitle "CBM 164 Extra"]
[Source "ChessBase"]
[SourceDate "2015.03.02"]
[SourceVersion "1"]
[SourceVersionDate "2015.03.02"]
[SourceQuality "1"]
[WhiteTeam "Sant Andreu"]
[BlackTeam "Cerdanyola Valles"]
[WhiteTeamCountry "ESP"]
[BlackTeamCountry "ESP"]

1. f4 d5 2. Nf3 Nf6 3. g3 c5 4. Bg2 Nc6 5. 0-0 Qc7 6. d3 e6 7. Nc3 Be7 8. e4 0-0 9. e5 Nd7 10. Nb5 Qb6 11. c4 d4 12. Qe2 a6 13. Na3 Qc7 14. Bd2 b6 15. g4 Bb7 16. Be1 Rae8 17. Bg3 f6 18. exf6 Bxf6 19. g5 e5 20. gxf6 exf4 21. f7+ Kxf7 22. Ng5+ Kg8 23. Bd5+ Kh8 24. Nf7+ Rxf7 25. Qxe8+ Rf8 26. Bxf4 1-0

[Event "Cerdanyola del Valles Regional-ch"]
[Site "Cerdanyola del Valles"]
[Date "2015.??.??"]
[Round "3"]
[White "Garcia Acosta, Roger"]
[Black "Porras Mateo, Felipe"]
[Result "1-0"]
[WhiteElo "2171"]
[BlackElo "2448"]
[PlyCount "73"]
[EventDate "2015.10.03"]
[EventType "swiss"]
[EventRounds "8"]
[EventCountry "ESP"]
[SourceTitle "CBM 169 Extra"]
[Source "ChessBase"]
[SourceDate "2015.12.18"]
[SourceVersion "1"]
[SourceVersionDate "2015.12.18"]
[SourceQuality "1"]

1. e4 d6 2. d4 Nf6 3. Nc3 g6 4. Be3 c6 5. Nf3 b5 6. Bd3 b4 7. Ne2 Nbd7 8. 0-0 Bg7 9. h3 0-0 10. Qd2 Rb8 11. c4 bxc3 12. bxc3 c5 13. Bh6 e5 14. Bg5 Qa5 15. Rab1 Ba6 16. Bxa6 Qxa6 17. Ng3 cxd4 18. cxd4 exd4 19. Nxd4 Qa4 20. Rbd1 Rb4 21. Nc6 Rb6 22. Ne7+ Kh8 23. Nd5 Nxd5 24. Qxd5 Rb5 25. Qd2 Nb6 26. Bh6 Nc4 27. Bxg7+ Kxg7 28. Qc3+ f6 29. Ne2 Nb6 30. Nd4 Re5 31. Qc7+ Qd7 32. Qxd7+ Nxd7 33. f3 Rc8 34. Rc1 Nc5 35. Nb5 Re6 36. Rfd1 Rd8 37. Rxc5 1-0

[Event "Cerdanyola del Valles Regional-ch"]
[Site "Cerdanyola del Valles"]
[Date "2015.??.??"]
[Round "2"]
[White "Garcia Acosta, Roger"]
[Black "Shatko, Danil"]
[Result "1/2-1/2"]
[WhiteElo "2171"]
[BlackElo "2329"]
[PlyCount "59"]
[EventDate "2015.10.03"]
[EventType "swiss"]
[EventRounds "8"]
[EventCountry "ESP"]
[SourceTitle "CBM 169 Extra"]
[Source "ChessBase"]
[SourceDate "2015.12.18"]
[SourceVersion "1"]
[SourceVersionDate "2015.12.18"]
[SourceQuality "1"]

1. e4 e6 2. d4 d5 3. Nc3 Nf6 4. e5 Nfd7 5. f4 c5 6. Nf3 Nc6 7. Be3 a6 8. Qd2 b5 9. dxc5 Bxc5 10. Bxc5 Nxc5 11. Qf2 Qb6 12. Bd3 Nxd3+ 13. cxd3 Qxf2+ 14. Kxf2 g6 15. Rhc1 Bd7 16. Ne2 Ke7 17. Ned4 Nxd4 18. Nxd4 Rhc8 19. Rxc8 Rxc8 20. b4 a5 21. bxa5 Rc3 22. Ke3 Ra3 23. Nb3 Ra4 24. d4 b4 25. Kd3 Bb5+ 26. Kc2 Bc4 27. Kb2 Ra3 28. g3 Kf8 29. h4 h5 30. Re1 1/2-1/2